| 000 | 01158nam a2200265 a 4500 | ||
|---|---|---|---|
| 001 | BRL_504 | ||
| 005 | 20190320210755.0 | ||
| 008 | 230813s1999----mx-o######---#000-0#spa-# | ||
| 020 | _a9688106305 | ||
| 041 |
_aspa _heng |
||
| 044 | _amx | ||
| 050 | 4 |
_aN6555 _b.V63 1999 |
|
| 245 | 1 | 0 | _aVoces visuales de México = Visual voices of Mexico. |
| 260 |
_aMéxico, D.F. _bSecretaría de Relaciones Exteriores, Instituto Mexicano de Cooperación Internacional _c1999 |
||
| 300 |
_a219 p. _bil. algunas a color. _c20 cm. |
||
| 500 | _aCatálogo de la exposición celebrada en el Museo de Arte Latinoamericano en Long Beach , California desde noviembre de 1999 hasta febrero de 2000 en el Instituto Cultural de México en Washington , DC entre marzo y abril de 2000 y en el Centro Cultural Tijuana, Tijuana, Baja California, desde mayo hasta junio 2000. | ||
| 500 | _aEj.1 Au529, Ej.2 Au530 | ||
| 500 | _aLa biblioteca cuenta con 2 ejemplares | ||
| 650 | 1 | 4 |
_aArte mexicano _vExposiciones _924127 |
| 650 | 1 | 4 |
_aArte y símbolos cristianos _924128 |
| 650 | 1 | 4 |
_aMuerte en el arte _924129 |
| 740 | 0 | _aVisual voices of Mexico | |
| 902 | _aGRL | ||
| 942 |
_2lcc _cB |
||
| 999 |
_c9316 _d9316 |
||